000 00665nam a2200205Ia 4500
005 20260121110022.0
008 008 260114s9999 xx 000 0 hin d
020 _a9788132360476
037 _aEBOOK
040 _aCRL
_bhin
_cCRL
041 _ahin
_2hin
084 _qCRL
100 _aनईम अहमद / Naeem Ahmed
_9941039
245 0 _aकोशिकीय विकास के सिद्धान्त / Koshikiy Vikas ke Siddhant
260 _bभाषा प्रकाशन / Bhasha Prakashan
_c2021
856 _uhttps://bhashaprakashan.com/product-details/382690
942 _cEBOOK
999 _c1532704
_d1532704